| 000 | 00416nam a22001457a 4500 | ||
|---|---|---|---|
| 008 | 110427t xxu||||| |||| 00| 0 eng d | ||
| 020 | _a0071283700 | ||
| 082 | _a346.063 ZIM | ||
| 100 |
_aZimmerman, Jerod L. _91947 |
||
| 245 |
_aAccounting for Decision Making and Control : _cJerold L. Zimmerman / |
||
| 250 | _a6th ed. | ||
| 260 |
_aNew York: _bMcGraw-Hill. _c2009. |
||
| 300 |
_axvi, 733p.; _c26 cm. |
||
| 942 |
_2ddc _cBK |
||
| 999 |
_c717 _d717 |
||